Regions to be cheerful? (Record no. 79313)

MARC details
000 -LEADER
fixed length control field 00974cab a22002055a 4500
001 - CONTROL NUMBER
control field L140645
008 - FIXED-LENGTH DATA ELEMENTS--GENERAL INFORMATION
fixed length control field 071003s20070928xxkbo f s 000 0 eng d
035 ## - SYSTEM CONTROL NUMBER
System control number (Sirsi) u140645
041 0# - LANGUAGE CODE
Language code of text/sound track or separate title eng
100 1# - MAIN ENTRY--PERSONAL NAME
Personal name Watson, Stuart
245 00 - TITLE STATEMENT
Title Regions to be cheerful?
260 ## - PUBLICATION, DISTRIBUTION, ETC.
Date of publication, distribution, etc. 2007
490 ## - SERIES STATEMENT
Series statement Property Week Supplement
Volume/sequential designation 72(30) 28 September 2007, 107-112(4)
520 ## - SUMMARY, ETC.
Summary, etc. Reports on the warehouse property market and industrial takeups by region. Scotland is seeing a large number of distribution units built. North West England has seen no large deals since January. The market in Yorkshire and the North East is hoping completion of the East Leeds link road will relieve the land shortage in the region. The Midlands and South West markets are healthy. The South East remains centred around Heathrow.
590 ## - LOCAL NOTE (RLIN)
Local note KA
651 #4 - SUBJECT ADDED ENTRY--GEOGRAPHIC NAME
Geographic name United Kingdom
Chronological subdivision
690 ## - LOCAL SUBJECT ADDED ENTRY--TOPICAL TERM (OCLC, RLIN)
Topical term or geographic name as entry element PROPERTY-INDUSTRIAL PROPERTY-WAREHOUSE PROPERTY-WAREHOUSES
700 1# - ADDED ENTRY--PERSONAL NAME
Personal name Hatcher, David
942 ## - ADDED ENTRY ELEMENTS (KOHA)
Suppress in OPAC 0
Holdings
Withdrawn status Lost status Source of classification or shelving scheme Damaged status Not for loan Home library Current library Shelving location Date acquired Total Checkouts Full call number Barcode Date last seen Copy number Price effective from Koha item type
    Dewey Decimal Classification     London London Journal article 03/10/2007   L140645 140645-1001 06/08/2019 1 06/08/2019 Journal article